| 000 | 00360nam a2200157Ia 4500 | ||
|---|---|---|---|
| 008 | 210210b1972 xxu||||| |||| 00| 0 eng d | ||
| 020 | _a0 7131 2269 2 | ||
| 082 | _a582 HEYP | ||
| 100 | _aHEYWOOD (V H). | ||
| 245 | _aPlant taxonomy | ||
| 260 |
_aLondon _bE L B S _c1972 |
||
| 300 | _a60 | ||
| 650 | _aPlant Taxonomy | ||
| 690 | _aBotan | ||
| 906 | _a03160 | ||
| 999 |
_c82834 _d82834 |
||